Plant diseases (Record no. 395013)

MARC details
000 -LEADER
fixed length control field 00497 a2200205 4500
005 - DATE & TIME
control field 20260402121406.0
008 - FIXED-LENGTH DATA ELEMENTS--GENERAL INFORMATION
fixed length control field 260402b |||||||| |||| 00| 0 eng d
020 ## - ISBN
International Standard Book Number 9788196544508
Price Rs. 795.00
040 ## - CATALOGING SOURCE
Original cataloging agency VIVEKANANDA LIBRARY
082 ## - DDC NUMBER
Classification number 632
Book Number S64P(11)
100 ## - MAIN ENTRY--PERSONAL NAME
Personal name Singh,R S
245 ## - TITLE STATEMENT
Title Plant diseases
250 ## - EDITION STATEMENT
Edition statement 11th
260 ## - PUBLICATION, DISTRIBUTION, ETC. (IMPRINT)
Name of publisher, distributor, etc Medtech Science Press
Date of publication, distribution, etc 2024
Place of publication, distribution, etc New Delhi
300 ## - PHYSICAL DESCRIPTION
Pages xxiii, 821
650 ## - Subject
Subject Plant
650 ## - Subject
Subject Diseases- Plant
650 ## - Subject
Subject Plant Pathology
942 ## - ADDED ENTRY ELEMENTS (KOHA)
Koha item type Books
Holdings
Withdrawn status Lost status Source of classification or shelving scheme Damaged status Not for loan Location (home branch) Sublocation or collection (holding branch) Shelving location Date acquired Koha issues (times borrowed) Koha full call number Accession No. Koha date last seen Koha item type
    Dewey Decimal Classification     VIVEKANANDA LIBRARY VIVEKANANDA LIBRARY Vivekananda Library 22/01/2026   632 S64P(11) 444514 22/01/2026 Books
    Dewey Decimal Classification     VIVEKANANDA LIBRARY VIVEKANANDA LIBRARY Vivekananda Library 22/01/2026   632 S64P(11) 444515 22/01/2026 Books
© Designed and Maintained by Vivekananda Library, MDU Rohtak